| 000 | 00945nam a22001937a 4500 | ||
|---|---|---|---|
| 005 | 20260525114351.0 | ||
| 020 | _a9789370035256 | ||
| 041 | _aENG | ||
| 082 |
_a658.3 _bRAJ |
||
| 100 | _aRaj Mohan, N. | ||
| 245 |
_aCorporate hostages : _broads to captivity, paths to liberation/ _cN. Raj Mohan |
||
| 260 |
_aNew Delhi : _bRupa Pulications India, _c2025. |
||
| 300 |
_axvi, 182 p. ; _b18 cm. |
||
| 504 | _aInclude bibliographical references. | ||
| 505 | _aPart I. Consumeration -- 1. Blaming iton the globe -- 2. Complexities/Dynamics of Globalization in Indian Context --Part II. Hostages -- 3. Who are Corporate Hostages? -- 4. types og Hostage Syndromes --Part III. Concerns and Conudrums -- 5.Quick Fixes and Shortcuts -- 6. The Myth of Impermanence -- 7.Calamitous Disruption -- Part IIII. Liberation -- 8.Liberating the Mind --9. Paths of Liberation. | ||
| 650 | _aEmployees Psychology | ||
| 650 | _aWork Environment | ||
| 942 |
_2ddc _cBK |
||
| 999 |
_c24349 _d24349 |
||